| 000 | 00383nam a2200145Ia 4500 | ||
|---|---|---|---|
| 008 | 100415s9999 xx 000 0 und d | ||
| 082 |
_b14637 _a599(544) |
||
| 100 | _aPrakash Ishwar | ||
| 245 | _aMammals of Thar Desert | ||
| 260 |
_aJODHPUR _c1994 _bSCIENTIFIC PUBLISHERS |
||
| 365 | _b0 | ||
| 630 | _aMammals of Thar Desert | ||
| 730 | _aMammals of Thar Desert | ||
| 942 | _cBOOK | ||
| 999 |
_c597535 _d597532 |
||